| 000 | 00568nam a22001817a 4500 | ||
|---|---|---|---|
| 003 | OSt | ||
| 008 | 260629b |||||||| |||| 00| 0 eng d | ||
| 020 | _a9789366264059 | ||
| 082 |
_a631.580285 _bM11S |
||
| 100 | _aM, Shivanna . | ||
| 245 | _aSmart Farming the Future of Agriculture / by Shivanna M. | ||
| 260 |
_aNew Delhi: _bInternational Books & Periodicals Supply Service, _c2025 |
||
| 300 | _axii, 209 p. | ||
| 650 | _aTechnology (Applied sciences) | ||
| 650 | _aAgriculture & related technologies | ||
| 650 | _aCultivation and harvesting | ||
| 942 |
_2ddc _cBK |
||
| 999 |
_c52436 _d52436 |
||